Διγλωσσία και μάθηση στο διαδίκτυο
Αποθηκεύτηκε σε:
| Άλλοι συγγραφείς: | |
|---|---|
| Μορφή: | Βιβλίο |
| Γλώσσα: | Greek |
| Δημοσίευση: |
Ρόδος :
Πανεπιστήμιο Αιγαίου,
2000.
|
| Σειρά: | Τετράδια εργασίας Ρόδου
|
| Θέματα: | |
| Ετικέτες: |
Προσθήκη ετικέτας
Δεν υπάρχουν, Καταχωρήστε ετικέτα πρώτοι!
|
MARC
| LEADER | 00000cam a2200000 i 4500 | ||
|---|---|---|---|
| 001 | 1/58555 | ||
| 008 | 020218s2000 gr | ||| |||| ||gre|| | ||
| 020 | |a 9608679117 | ||
| 035 | |l 10000351 | ||
| 040 | |a GR-MY-UA |b gre |e aacr | ||
| 041 | 0 | |a gre | |
| 082 | 7 | |a 371.97 |2 (23) | |
| 245 | 0 | 0 | |a Διγλωσσία και μάθηση στο διαδίκτυο / |c επιμέλεια: Ελένη Σκούρτου ; Πανεπιστήμιο Αιγαίου Παιδαγωγικό Τμήμα Δημοτικής Εκπαίδευσης ; Παιδαγωγικό Ινστιτούτο. |
| 260 | |a Ρόδος : |b Πανεπιστήμιο Αιγαίου, |c 2000. | ||
| 300 | |a 172 σ. ; |c 24 εκ. | ||
| 490 | 1 | |a (Τετράδια εργασίας Ρόδου) | |
| 650 | 0 | 0 | |a Education, Bilingual. |
| 650 | 0 | 0 | |a Bilingualism. |
| 700 | 1 | |a Σκούρτου, Ελένη, |e edtf | |
| 830 | 0 | |a Τετράδια εργασίας Ρόδου | |
| 852 | |a INST |b RHODES |e 20020218 |h 371.97 ΔΙΓ |p 005400016663 |q 005400016663 |t BK |y 0 | ||
| 852 | |a INST |b RHODES |e 20200304 |h 371.97 ΔΙΓ |p 005400041448 |q 005400041448 |t BK |y 0 | ||
| 901 | |a BIBL4-2002-1 | ||
| 909 | |a Ρ |b 085283 | ||
| 970 | |a ΚΟΥΛΑΚΙΟΤΗ |b ΛΙΤΣΑ |z 2002/02/18 | ||